000 00797nam a2200241Ia 4500
003 OSt
005 20240926143859.0
008 210329s9999||||xx |||||||||||||| ||und||
020 _a9788176388399
040 _cSTCPL
041 _aMAL
082 _aM09
_bRAJ-P
100 _a Gopalakrishnan, Rajeev
_qരാജീവ് ഗോപാലകൃഷ്ണൻ
245 0 _aPattom thanupollai :
_b Ajayyanayajananayakan /
_cby Rajeev Gopalakrishnan
_hപട്ടം താണുപിള്ള : അജയ്യനായ ജനനായകന്‍
250 _a2nd ed.
260 _aThiruvananthapuram :
_bState Institute of Languages ,
_c2009 .
300 _a246 p.
_bPB
650 _aMalayalam literature
650 _aNon-Fiction
650 _aCriticism
942 _cBK
942 _2ddc
999 _c65924
_d65924